02342nam a2200253 a 4500090002100000041000800021100004400029245013600073260005300209300001100262520133200273650002601605650002501631650003101656650002101687650002801708650003401736650003601770662004801806662005801854662004901912773011201961999001502073 aIAVHb00765 CD-1 aspa aValbuena López, María Saralux96024 aInstrumentos de política para la conservación y uso sostenible de la Biodiversidad en los páramos andinosbtres casos locales aBogotábInstituto Alexander von Humboldtc2005 a104 p. aAnáliza el comportamiento productivo agropecuario en tres zonas de incidencia sobre el ecosistema de páramo como aporte al diseño de instrumentos de política para incorporar criterios de biodiversidad en propuestas locales, regionales y/o nacionales.El primer capítulo hace referencia al comportamiento de la producción del sector agropecuario de incidencia sobre la biodiversidad del ecosistema de páramo. Los subsectores agropecuarios se mayor incidenci sobre la biodiversidad en los páramos en las tres áreas de estudio son la papa y la ganadería de bovinos; en consecuencia, se realizó una descripción del comportamiento de dichos subsectores. En el segundo y tercer capítulos se discute la incidencia de la inversión agropecuariam pública y privada en las tres áreas de estudio con énfasis en subsectores papero y ganadero. Posteriormente, se analizan algunos instrumentos de planificación con incidencia en los subsectores antes mencionados. En el capítulo cinco se presenta un instructivo de los talleres desarrollados con los actores locales y los resultaods de los mismos. Finalmente, se presentan algunas conclusiones y recomendaciones generales durante el desarrollo que pueden contribuir con las etapas posteriores del proyecto y guiar la construcción de nuevos instrumentos. aConservación992401 aBiodiversidad992204 aSector agropecuario992512 aPáramos992513 aCultivos de papa992514 aGanadería de bovinos992515 aInversión agropecuaria992516 aColombiacPáramo de RabanalbCundinamarca aColombiacRío BogotádVillapinzónbCundinamarca aColombiacPáramo de GuerrerobCundinamarca0 0598699704abdBogotá Informatica documental 2007o024802tInformes de investigaciones IAVH en PDFwxz c6025d6025